Geografia económica para o ensino das escolas comerciais de harmonia com os programas em vigor

Gespeichert in:
Bibliographische Detailangaben
1. Verfasser: Moura, Eduardo Marinha Alves de
Weitere Verfasser: Palma, Américo
Format: keine Angabe
Sprache:Portugiesisch
Erschienen: Lisboa Livr. Didáctica 1945
Katalog:MANES:  Suchergebnis im Bibliothekskatalog
Schulbuchspezifische Eigenschaften:
Tags: Tag hinzufügen
Keine Tags, Fügen Sie den ersten Tag hinzu!
Hinzugefügt zu:26.04.2016
Geändert in:25.04.2025

MARC

LEADER 000000000a22000000004500
001 32773
003 OSt
005 20250425111633.0
008 160427s1945 po 00| 0 por d
041 |a por 
043 |a Portugal 
561 |5 pt-BNP  |a Portugal. Biblioteca Nacional de Portugal  |k MANES 
691 |a SE 
100 1 |a Moura, Eduardo Marinha Alves de  |9 15245 
700 1 |a Palma, Américo  |9 15246 
245 0 0 |a Geografia económica para o ensino das escolas comerciais de harmonia com os programas em vigor 
260 3 |a Lisboa  |b Livr. Didáctica  |c 1945 
300 |a 118 p.;  |c 23 cm 
690 |a GEO 
942 |2 ddc  |c BK 
546 |a Portugal 
999 |c 36611  |d 36611 
999 |c manes:36611  |d 36611